| 000 | 00781nam a2200181 i 4500 | ||
|---|---|---|---|
| 001 | 184852 | ||
| 003 | ES-MaACL | ||
| 005 | 20250812082610.0 | ||
| 008 | 160205s1882 po a |||| | por d | ||
| 111 | 2 |
_aExposição Retrospectiva de Arte Ornamental Portugueza e Hespanhola ( _d1882. _cLisboa) _9135158 |
|
| 245 | 1 | 0 | _aCatalogo illustrado da Exposiçao retrospectiva de Arte ornamental portugueza e hespanhola celebrada em Lisboa em 1882. |
| 260 |
_aLisboa : _b[s.n.], _c1882 ( _fImp. Nacional) |
||
| 300 |
_a1 vol. ; _c23 cm. |
||
| 505 | 8 | _aContiene con numeración facticia [I]. Texto.- XVI + 350 pág | |
| 650 | 7 |
_aArtes decorativas _2embne _9135625 |
|
| 852 |
_aES-MaACL _jG-8707 _z.- Donat. José Ramón Mélida, en anotación manuscrita |
||
| 999 |
_c184852 _d184852 |
||